书目信息 |
| 题名: |
香港:中国面临的挑战
|
|
| 作者: | 雅胡达 , 曹卫国 著 | |
| 分册: | ||
| 出版信息: | 北京 新华出版社 1998.11 |
|
| 页数: | 225页 | |
| 开本: | 32开 | |
| 丛书名: | ||
| 单 册: | ||
| 中图分类: | D676.58 | |
| 科图分类: | ||
| 主题词: | 政治--中国 | |
| 电子资源: | ||
| ISBN: | 7-5011-4219-X | |
| 000 | 00632nam0 2200205 45 | |
| 001 | 0103261520 | |
| 005 | 20010326151038.2 | |
| 010 | @a7-5011-4219-X@d15.00元 | |
| 100 | @a20010326d1998 km y0chiy0120 ea | |
| 101 | 0 | @achi |
| 105 | @a z 000yy | |
| 200 | 1 | @a香港:中国面临的挑战@AXiang Gang:Zhong Guo Mian Lin De Tiao Zhan@f(英)雅胡达著;郭瑞,曹卫国译@F(Ying)Ya Hu Da Zhu;Guo Rui,Cao Wei Guo Yi |
| 210 | @a北京@c新华出版社@d1998.11 | |
| 215 | @a225页@d32开 | |
| 606 | 0 | @a政治@x中国 |
| 690 | @aD676.58@v3 | |
| 701 | 0 | @a雅胡达@4著 |
| 701 | 0 | @a曹卫国@4译 |
| 801 | @aCN@bPftUser@c20010326 | |
| 905 | @b332866-870@dD676.58@eY138@f5 | |
| 香港:中国面临的挑战/(英)雅胡达著;郭瑞,曹卫国译.-北京:新华出版社,1998.11 |
| 225页;32开 |
| ISBN 7-5011-4219-X:15.00元 |
| ● |
| 相关链接 |
|
|
|
正题名:香港:中国面临的挑战
索取号:D676.58/Y138
 
预约/预借
| 序号 | 登录号 | 条形码 | 馆藏地/架位号 | 状态 | 备注 |
| 1 | 332866 | 203328666 | 社科库509/509社科库 76排9列1层/ [索取号:D676.58/Y138] | 在馆 | |
| 2 | 332867 | 203328675 | 社科库509/509社科库 76排9列1层/ [索取号:D676.58/Y138] | 在馆 | |
| 3 | 332868 | 203328684 | 社科库509/509社科库 76排9列1层/ [索取号:D676.58/Y138] | 在馆 | |
| 4 | 332869 | 203328693 | 社科库509/509社科库 76排9列1层/ [索取号:D676.58/Y138] | 在馆 | |
| 5 | 332870 | 203328700 | 社科库509/509社科库 76排9列1层/ [索取号:D676.58/Y138] | 在馆 |